Republic of Armenia : 2021 Article IV Consultation, Fourth and Fifth Reviews Under the Stand-By Arrangement, and Request for Waiver of Nonobservance of Performance Criterion and Monetary Policy Consultation Clause-Press Release; Staff Report; and Statement by the Executive Director for the Republic of Armenia.

Armenia has commenced a robust recovery from the deep 2020 recession, benefiting from strong policies and the lifting of the political uncertainty after the elections in June. A gradual but uneven improvement in the pandemic situation, pent-up demand, and the strengthening of public and private inve...

Popoln opis

Bibliografske podrobnosti
Korporativna značnica: International Monetary Fund. Middle East and Central Asia Dept
Format: Revija
Jezik:English
Izdano: Washington, D.C. : International Monetary Fund, 2021.
Serija:IMF Staff Country Reports; Country Report ; No. 2021/273
Teme:
Online dostop:Full text available on IMF
LEADER 02274cas a2200289 a 4500
001 AALejournalIMF022256
008 230101c9999 xx r poo 0 0eng d
020 |c 5.00 USD 
020 |z 9781616357351 
022 |a 1934-7685 
040 |a BD-DhAAL  |c BD-DhAAL 
110 2 |a International Monetary Fund.  |b Middle East and Central Asia Dept. 
245 1 0 |a Republic of Armenia :   |b 2021 Article IV Consultation, Fourth and Fifth Reviews Under the Stand-By Arrangement, and Request for Waiver of Nonobservance of Performance Criterion and Monetary Policy Consultation Clause-Press Release; Staff Report; and Statement by the Executive Director for the Republic of Armenia. 
264 1 |a Washington, D.C. :  |b International Monetary Fund,  |c 2021. 
300 |a 1 online resource (128 pages) 
490 1 |a IMF Staff Country Reports 
500 |a <strong>Off-Campus Access:</strong> No User ID or Password Required 
500 |a <strong>On-Campus Access:</strong> No User ID or Password Required 
506 |a Electronic access restricted to authorized BRAC University faculty, staff and students 
520 3 |a Armenia has commenced a robust recovery from the deep 2020 recession, benefiting from strong policies and the lifting of the political uncertainty after the elections in June. A gradual but uneven improvement in the pandemic situation, pent-up demand, and the strengthening of public and private investment are expected to drive 2022 growth. Robust growth is expected over the medium term. Risks. Risks are relatively balanced, although uncertainty remains high. Strong reform implementation and accelerating vaccinations could improve the outlook, while risks of a protracted pandemic, renewed geopolitical tensions, a slowdown in major trading partners, and stress from global financial volatility and/or trade tensions could hamper the recovery. 
538 |a Mode of access: Internet 
650 7 |a International Agreements and Observance  |2 imf 
650 7 |a International Organizations  |2 imf 
650 7 |a Monetary Policy  |2 imf 
651 7 |a Armenia, Republic of  |2 imf 
830 0 |a IMF Staff Country Reports; Country Report ;  |v No. 2021/273 
856 4 0 |z Full text available on IMF  |u http://elibrary.imf.org/view/journals/002/2021/273/002.2021.issue-273-en.xml  |z IMF e-Library